Obálka Náhled e-knihy:
PDF Epub
Pro půjčování e-knih musíte být přihlášeni.
Jak si půjčit online?

Kočičí válečníci : nové proroctví. Západ slunce /

Další díl fantasy řady, kde hlavními hrdiny jsou divoké kočky ze čtyř klanů, je závěrem druhé série příběhů.

Uloženo v:
Série:Kočičí válečníci: Nové proroctví, část 6
Hlavní autor: Hunter, Erin (Autor)
Další autoři: Krenželoková, Beata, 1995- (Autor)
Médium: E-kniha
Jazyk:Czech
Vydáno: V Praze : Albatros, 2023
Vydání:1. vydání
Témata:
Příbuzné jednotky:Přeloženo z: Warriors: The new prophecy
Z cyklu:: Kočičí válečníci: Nové proroctví
Tagy:
Žádné tagy
LEADER 02842nam a2200541 i 4500
001 311903
003 CZ PrSKC
005 20260601215713.0
007 ta
008 230424s2023 xr c 000 f cze
015 |a cnb003516138 
020 |a 9788000070339  |q (brožováno) :  |c Kč 299,00 
035 |a (OCoLC)1381700227 
040 |a ABG001  |b cze  |e rda 
041 1 |a cze  |h eng 
072 7 |a 821.111-3  |x Anglická próza, anglicky psaná  |2 Konspekt 
072 7 |a 821-93  |x Literatura pro děti a mládež (beletrie)  |2 Konspekt 
080 |a 821.111-31  |2 MRF 
080 |a 821-93  |2 MRF 
080 |a (0:82-312.9)  |2 MRF 
100 1 |a Hunter, Erin  |7 mzk2006363422  |4 aut 
240 1 0 |a Sunset.  |l Česky 
245 1 0 |a Kočičí válečníci :  |b nové proroctví.  |p Západ slunce /  |c Erin Hunterová ; přeložila Beata Krenželoková 
246 3 0 |a Západ slunce 
250 |a 1. vydání 
264 1 |a V Praze :  |b Albatros,  |c 2023 
300 |a 290 stran ;  |c 21 cm 
336 |a text  |b txt  |2 rdacontent 
337 |a bez média  |b n  |2 rdamedia 
338 |a svazek  |b nc  |2 rdacarrier 
500 |a Přeloženo z angličtiny 
520 2 |a Další díl fantasy řady, kde hlavními hrdiny jsou divoké kočky ze čtyř klanů, je závěrem druhé série příběhů.  |b Kočičí klany se pokoušejí vzpamatovat z krvavého útoku jezevců a Jezerní lístku nepřestává pronásledovat zlověstné proroctví. Znamená to snad, že jim hrozí ještě horší nebezpečí? Stíny minulosti ožívají, některé kočky jen ztěžka hledají své místo mezi ostatními, jiné jsou nejspíš navždy ztraceny a jeden starý nepřítel plánuje temnou odplatu. Nadešel čas, aby válečníci učinili rozhodnutí, která zpečetí jejich životní osud. Nakladatelská anotace. Kráceno. 
521 8 |a Pro čtenáře od 9 let 
655 7 |a anglické romány  |7 fd131814  |2 czenas 
655 7 |a fantasy romány  |7 fd184199  |2 czenas 
655 7 |a publikace pro děti  |7 fd133156  |2 czenas 
655 9 |a English fiction  |2 eczenas 
655 9 |a fantasy novels  |2 eczenas 
655 9 |a children's literature  |2 eczenas 
700 1 |a Krenželoková, Beata,  |d 1995-  |7 xx0243991  |4 trl 
765 0 |t Warriors: The new prophecy 
787 0 8 |i Z cyklu:  |t Kočičí válečníci: Nové proroctví  |g 6 
900 |a ABA001  |b 20 
928 9 |a Albatros Media - Albatros 
044 |a xr 
910 |a RBIT002 
998 |d 373473  |a https://core.palmknihy.cz/api/books/373473/cover?si773k  |b https://core.palmknihy.cz/api/books/373473/cover/400?si773k  |c https://core.palmknihy.cz/api/books/373473/cover/50?si773k  |e 2026-12-03  |g 296  |i 9788000070339  |j https://core.palmknihy.cz/api/books/373473/preview.epub  |k https://core.palmknihy.cz/api/books/373473/preview.pdf  |l   |q 49  |r 1  |s https://www.palmknihy.cz/kniha/373473  |t ebook  |y 2023  |z 0  |v Kočičí válečníci: Nové proroctví  |w 6 
999 |d 311901